| 000 | 01238cam a2200325 a 4500 | ||
|---|---|---|---|
| 001 | 15742727 | ||
| 003 | NUST | ||
| 005 | 20220726201403.0 | ||
| 008 | 090518s2009 nyu 000 1 eng | ||
| 010 | _a 2009019398 | ||
| 020 | _a9780143114505 | ||
| 020 | _a0143114506 | ||
| 035 | _a(OCoLC)ocn223803548 | ||
| 038 | _aAzhar | ||
| 040 |
_aDLC _cDLC _dYDX _dBTCTA _dBAKER _dYDXCP _dBWX _dNOR _dDLC |
||
| 043 | _an-us--- | ||
| 050 | 0 | 0 |
_aPS3556.R42 _bW66 2009 |
| 082 | 0 | 0 |
_a813.54 _222 _bFRE |
| 100 | 1 |
_aFrench, Marilyn, _d1929-2009. _995422 |
|
| 245 | 1 | 4 |
_aThe women's room _cMarilyn French ; with forewords by Dorothy Allison and Linsey Abrams. |
| 260 |
_aNew York : _bPenguin Books, _c2009. |
||
| 300 |
_axxviii, 465 p. ; _c22 cm. |
||
| 650 | 0 |
_aMiddle-aged women _vFiction. _990280 |
|
| 650 | 0 |
_aFeminists _vFiction. _995423 |
|
| 856 | 4 | 2 |
_3Contributor biographical information _uhttp://www.loc.gov/catdir/enhancements/fy1001/2009019398-b.html |
| 856 | 4 | 2 |
_3Publisher description _uhttp://www.loc.gov/catdir/enhancements/fy1001/2009019398-d.html |
| 906 |
_a7 _bcbc _corignew _d1 _eecip _f20 _gy-gencatlg |
||
| 942 |
_2ddc _cLC |
||
| 999 |
_c590687 _d590687 |
||